<?xml version="1.0" encoding="UTF-8"?>
<record
    xmlns:xsi="http://www.w3.org/2001/XMLSchema-instance"
    xsi:schemaLocation="http://www.loc.gov/MARC21/slim http://www.loc.gov/standards/marcxml/schema/MARC21slim.xsd"
    xmlns="http://www.loc.gov/MARC21/slim">

  <leader>03271cam a22004574a 4500</leader>
  <controlfield tag="001">16208525</controlfield>
  <controlfield tag="003">OSt</controlfield>
  <controlfield tag="005">20150408114024.0</controlfield>
  <controlfield tag="008">100426s2010    enka     b    001 0 eng  </controlfield>
  <datafield tag="010" ind1=" " ind2=" ">
    <subfield code="a">  2010016391</subfield>
  </datafield>
  <datafield tag="015" ind1=" " ind2=" ">
    <subfield code="a">GBB042418</subfield>
    <subfield code="2">bnb</subfield>
  </datafield>
  <datafield tag="016" ind1="7" ind2=" ">
    <subfield code="a">101529571</subfield>
    <subfield code="2">DNLM</subfield>
  </datafield>
  <datafield tag="016" ind1="7" ind2=" ">
    <subfield code="a">015515610</subfield>
    <subfield code="2">Uk</subfield>
  </datafield>
  <datafield tag="020" ind1=" " ind2=" ">
    <subfield code="a">9780521757102 (pbk.)</subfield>
  </datafield>
  <datafield tag="020" ind1=" " ind2=" ">
    <subfield code="a">052175710X (pbk.)</subfield>
  </datafield>
  <datafield tag="035" ind1=" " ind2=" ">
    <subfield code="a">(OCoLC)ocn573196525</subfield>
  </datafield>
  <datafield tag="040" ind1=" " ind2=" ">
    <subfield code="a">DNLM/DLC</subfield>
    <subfield code="c">DLC</subfield>
    <subfield code="d">YDX</subfield>
    <subfield code="d">BTCTA</subfield>
    <subfield code="d">YDXCP</subfield>
    <subfield code="d">NLM</subfield>
    <subfield code="d">UKM</subfield>
    <subfield code="d">CDX</subfield>
    <subfield code="d">DLC</subfield>
  </datafield>
  <datafield tag="042" ind1=" " ind2=" ">
    <subfield code="a">pcc</subfield>
  </datafield>
  <datafield tag="050" ind1="0" ind2="0">
    <subfield code="a">RC78.7.U4</subfield>
    <subfield code="b">D516 2010</subfield>
  </datafield>
  <datafield tag="060" ind1="0" ind2="0">
    <subfield code="a">2010 H-738</subfield>
  </datafield>
  <datafield tag="060" ind1="1" ind2="0">
    <subfield code="a">WN 208</subfield>
    <subfield code="b">D5367 2010</subfield>
  </datafield>
  <datafield tag="082" ind1="0" ind2="0">
    <subfield code="a">616.07543</subfield>
    <subfield code="2">22</subfield>
  </datafield>
  <datafield tag="245" ind1="0" ind2="0">
    <subfield code="a">Diagnostic ultrasound :</subfield>
    <subfield code="b">physics and equipment /</subfield>
    <subfield code="c">edited by Peter Hoskins, Kevin Martin, Abigail Thrush.</subfield>
  </datafield>
  <datafield tag="250" ind1=" " ind2=" ">
    <subfield code="a">2nd ed.</subfield>
  </datafield>
  <datafield tag="260" ind1=" " ind2=" ">
    <subfield code="a">Cambridge, UK ;</subfield>
    <subfield code="a">New York :</subfield>
    <subfield code="b">Cambridge University Press,</subfield>
    <subfield code="c">2010.</subfield>
  </datafield>
  <datafield tag="300" ind1=" " ind2=" ">
    <subfield code="a">xi, 263 p. :</subfield>
    <subfield code="b">ill. (some col.) ;</subfield>
    <subfield code="c">25 cm.</subfield>
  </datafield>
  <datafield tag="490" ind1="1" ind2=" ">
    <subfield code="a">Cambridge medicine</subfield>
  </datafield>
  <datafield tag="504" ind1=" " ind2=" ">
    <subfield code="a">Includes bibliographical references and index.</subfield>
  </datafield>
  <datafield tag="505" ind1="8" ind2=" ">
    <subfield code="a">Machine generated contents note: Preface to the second edition; Preface to the first edition; 1. Introduction to B-mode imaging K. Martin; 2. Physics K. Martin and K. V. Ramnarine; 3. Transducers and beam forming K. Martin and T. A. Whittingham; 4. B-mode instrumentation K. Martin; 5. Properties, limitations and artefacts of B-mode images K. Martin; 6. B-mode measurements N. J. Dudley; 7. Principles of Doppler P. R. Hoskins; 8. Blood flow A. Thrush; 9. Spectral Doppler ultrasound A. Thrush; 10. Colour flow and tissue imaging P. R. Hoskins and A. L. Criton; 11. Quality assurance A. J. Evans and P. R. Hoskins; 12. Safety of diagnostic ultrasound F. A. Duck and A. Shaw; 13. 3D ultrasound P. R. Hoskins and T. J. MacGillivray; 14. Contrast agents C. Moran and M. Butler; 15. Elastography P. R. Hoskins; Appendices; Glossary; Index.</subfield>
  </datafield>
  <datafield tag="520" ind1=" " ind2=" ">
    <subfield code="a">"All healthcare professionals practising ultrasound in a clinical setting should receive accredited training in the principles and practice of ultrasound scanning. This new edition of Diagnostic Ultrasound: Physics and Equipment provides a comprehensive introduction to the physics, technology and safety of ultrasound equipment, with high quality ultrasound images and diagrams throughout. It covers all aspects of the field at a level intended to meet the requirements of UK sonography courses. New to this edition: Updated descriptions of ultrasound technology, quality assurance and safety. Additional chapters dedicated to 3D ultrasound, contrast agents and elastography. New glossary containing definitions of over 500 terms. The editors and contributing authors are all authorities in their areas, with contributions to the scientific and professional development of ultrasound at national and international level"--Provided by publisher.</subfield>
  </datafield>
  <datafield tag="650" ind1=" " ind2="0">
    <subfield code="a">Diagnostic ultrasonic imaging.</subfield>
  </datafield>
  <datafield tag="650" ind1="1" ind2="2">
    <subfield code="a">Ultrasonography</subfield>
    <subfield code="x">methods.</subfield>
  </datafield>
  <datafield tag="650" ind1="2" ind2="2">
    <subfield code="a">Physical Phenomena.</subfield>
    <subfield code="9">13810</subfield>
  </datafield>
  <datafield tag="650" ind1="2" ind2="2">
    <subfield code="a">Ultrasonography</subfield>
    <subfield code="x">instrumentation.</subfield>
    <subfield code="9">13811</subfield>
  </datafield>
  <datafield tag="700" ind1="1" ind2=" ">
    <subfield code="a">Hoskins, P. R.</subfield>
    <subfield code="q">(Peter R.)</subfield>
    <subfield code="9">13812</subfield>
  </datafield>
  <datafield tag="700" ind1="1" ind2=" ">
    <subfield code="a">Martin, Kevin,</subfield>
    <subfield code="d">1948-</subfield>
    <subfield code="9">13813</subfield>
  </datafield>
  <datafield tag="700" ind1="1" ind2=" ">
    <subfield code="a">Thrush, Abigail.</subfield>
    <subfield code="9">13814</subfield>
  </datafield>
  <datafield tag="830" ind1=" " ind2="0">
    <subfield code="a">Cambridge medicine.</subfield>
    <subfield code="9">13815</subfield>
  </datafield>
  <datafield tag="942" ind1=" " ind2=" ">
    <subfield code="2">ddc</subfield>
    <subfield code="c">BOOK</subfield>
  </datafield>
  <datafield tag="999" ind1=" " ind2=" ">
    <subfield code="c">22235</subfield>
    <subfield code="d">256735</subfield>
  </datafield>
  <datafield tag="952" ind1=" " ind2=" ">
    <subfield code="1">0</subfield>
    <subfield code="2">2013-03-10</subfield>
    <subfield code="4">0</subfield>
    <subfield code="7">0</subfield>
    <subfield code="a">616.07543 D I U</subfield>
    <subfield code="d">2012-05-13</subfield>
    <subfield code="h">AMF</subfield>
    <subfield code="i">00087093</subfield>
    <subfield code="m">AMF</subfield>
    <subfield code="r">2025-11-18 08:43:42</subfield>
    <subfield code="t">BOOK</subfield>
    <subfield code="w">ddc</subfield>
    <subfield code="y">0</subfield>
  </datafield>
  <datafield tag="952" ind1=" " ind2=" ">
    <subfield code="1">0</subfield>
    <subfield code="2">2013-03-10</subfield>
    <subfield code="4">0</subfield>
    <subfield code="7">0</subfield>
    <subfield code="a">616.07543 D I U</subfield>
    <subfield code="d">2012-05-13</subfield>
    <subfield code="h">AMF</subfield>
    <subfield code="i">00087094</subfield>
    <subfield code="m">AMF</subfield>
    <subfield code="r">2025-11-18 08:43:57</subfield>
    <subfield code="t">BOOK</subfield>
    <subfield code="w">ddc</subfield>
    <subfield code="y">0</subfield>
  </datafield>
  <datafield tag="952" ind1=" " ind2=" ">
    <subfield code="1">0</subfield>
    <subfield code="2">2013-03-10</subfield>
    <subfield code="4">0</subfield>
    <subfield code="7">0</subfield>
    <subfield code="a">616.07543 D I U</subfield>
    <subfield code="d">2012-05-13</subfield>
    <subfield code="h">AMF</subfield>
    <subfield code="i">00087095</subfield>
    <subfield code="m">AMF</subfield>
    <subfield code="q">2024-08-22</subfield>
    <subfield code="r">2025-11-18 08:44:44</subfield>
    <subfield code="t">BOOK</subfield>
    <subfield code="w">ddc</subfield>
    <subfield code="y">1</subfield>
  </datafield>
  <datafield tag="952" ind1=" " ind2=" ">
    <subfield code="1">0</subfield>
    <subfield code="2">2013-03-10</subfield>
    <subfield code="4">0</subfield>
    <subfield code="7">0</subfield>
    <subfield code="a">616.07543 D I U</subfield>
    <subfield code="d">2012-05-13</subfield>
    <subfield code="h">AMF</subfield>
    <subfield code="i">00087096</subfield>
    <subfield code="m">AMF</subfield>
    <subfield code="q">2024-08-22</subfield>
    <subfield code="r">2025-11-18 08:45:02</subfield>
    <subfield code="t">BOOK</subfield>
    <subfield code="w">ddc</subfield>
    <subfield code="y">1</subfield>
  </datafield>
</record>
